000 00641nam a2200241 i 4500
001 C2-0290165
003 PPAK
005 20180728022728.0
008 080925s2007 my |||| ||||| | may d
020 _a9789833707256
040 _aPPAK
_beng
_cPPAK
_erda
082 0 4 _a158.2
_223
090 0 0 _a158.2
_bHAM
_dG
100 0 _aHamka,
_eauthor
245 1 0 _a1001 soal-soal hidup
264 1 _aShah Alam, Selangor :
_bPustaka Dini ,
_c2007
300 _ax, 110 pages ;
_c21 cm
336 _2rdacontent
_atext
337 _2rdamedia
_aunmediated
338 _2rdacarrier
_avolume
650 1 0 _aInterpersonal relationships
942 _ddc
_cB
999 _c95436
_d95436